Hope express : (Record no. 146537)

MARC details
000 -LEADER
fixed length control field 00520nam a22001817a 4500
005 - DATE AND TIME OF LATEST TRANSACTION
control field 20171101122511.0
010 ## - LCCN (DPL NO)
LC control number ENG-120985
020 ## - INTERNATIONAL STANDARD BOOK NUMBER
Terms of availability 180.00
International Standard Book Number 9789386191267
035 ## - SYSTEM CONTROL NUMBER
System control number EN-104517
037 ## - SOURCE OF ACQUISITION
Source of stock number/acquisition DBAD/PUB
082 ## - DEWEY DECIMAL CLASSIFICATION NUMBER
Classification number N
100 ## - MAIN ENTRY--PERSONAL NAME
Personal name Vaidya, Ketan
245 ## - TITLE STATEMENT
Title Hope express :
Statement of responsibility, etc Ketan Vaidya
Remainder of title tomorrow is a new day /
260 ## - PUBLICATION, DISTRIBUTION, ETC. (IMPRINT)
Place of publication, distribution, etc New Delhi
Name of publisher, distributor, etc Lifi Publication
Date of publication, distribution, etc 2017
270 ## - ADDRESS
Address 211,2nd Floor, Gagandeep 12, Rajendra place
City New Delhi
Postal code 110008
300 ## - PHYSICAL DESCRIPTION
Extent 129p.
Dimensions 19.5cm(pbk)
942 ## - ADDED ENTRY ELEMENTS (KOHA)
Source of classification or shelving scheme Dewey Decimal Classification
Item type English Books
Classification part N
Call number suffix VAI
Holdings
Withdrawn status Lost status Not for loan Collection code Home library Current library Date acquired Source of acquisition Cost, normal purchase price Full call number Barcode Copy number Cost, replacement price Koha item type
    Not For Loan Non-fiction D.B.Act.Division Bawana 12/10/2017 DBAD/PUB 180.00 N VAI EN-104517 1 180.00 English Books

© Delhi Public Library
Hit Counter
free hit counter